[Event "2007 Huntingdale Masters"]
[Site "Huntingdale Chess Club"]
[Date "2007.06.17"]
[Round "6"]
[White "Donaldson, T"]
[Black "Boyd, T"]
[Result "1/2-1/2"]
[WhiteElo "1909"]
[BlackElo "2242"]

1.d4 Nf6 2.c4 g6 3.Nc3 Bg7 4.e4 d6 5.f3 O-O 6.Be3 c5 7.Qd2 cxd4 8.Bxd4 Nc6 
9.Be3 Be6 10.Bd3 Nd7 11.Nge2 Nc5 12.Nf4 Nxd3+ 13.Nxd3 Bxc4 14.Rd1 Rc8 15.Bh6 Bxd3 
16.Bxg7 Kxg7 17.Qxd3 Qb6 18.Qd2 Qc5 19.Qf2 Ne5 20.O-O Nc4 21.Qxc5 Rxc5 22.Rf2 Rfc8 
23.Nd5 Kf8 24.h3 Ne5 25.Nc3 Nd7 26.Rdd2 Nf6 27.Kh2 a6 28.Rfe2 g5 29.a3 b5 30.Rd4 Rc4 
31.Rdd2 Nd7 32.Kg3 f6 33.h4 R4c5 34.hxg5 Rxg5+ 35.Kf2 Nb6 36.f4 Rgc5 37.Rd3 f5 
38.exf5 Rxf5 39.Rf3 Rc4 40.Ne4 Nd5 41.g3 h6 42.Kg2 Kf7 43.Nf2 Nf6 44.Rfe3 Rc7 
45.Ne4 Nxe4 46.Rxe4 Rf6 47.R4e3 d5 48.Rd2 e6 49.Re5 Rc6 50.Kf3 Rd6 51.Rd4 Rf5 
52.Re2 h5 53.Rd1 Rc6 54.Rd4 Rc4 55.Red2 Ke7 56.b3 Rxd4 57.Rxd4 Kd6 58.Rd1 e5 
59.Rc1 e4+ 60.Ke3 Rf8 61.Kd4 h4 62.Rc5 Rf5 63.g4 Rxf4 64.Rxd5+ Kc6 65.Rg5 h3 
66.Rg6+ Kb7 67.Rh6 Rf3 68.a4 bxa4 69.bxa4 Rg3 70.Kxe4 Rxg4+ 71.Kd5 Rxa4 72.Rxh3 Kb6 
73.Rb3+ Ka5 74.Rb1 Rb4 75.Rc1 Kb5 76.Rc5+ Kb6 77.Rc6+ Kb5 78.Rc5+ Ka4 79.Rc1 a5 
80.Kc5 Rb3 81.Kc4 Ra3 82.Rb1 Ra2 83.Kc3 Rg2 84.Ra1+ Kb5 85.Kb3 a4+ 86.Ka3 Rg3+ 
87.Ka2 Kb4 1/2-1/2

[Event "2007 Huntingdale Masters"]
[Site "Huntingdale Chess Club"]
[Date "2007.06.27"]
[Round "7"]
[White "Fedec, J"]
[Black "Donaldson, T"]
[Result "0-1"]
[WhiteElo "1847"]
[BlackElo "1909"]

1.e4 c6 2.d4 d5 3.Nc3 dxe4 4.Nxe4 Bf5 5.Ng3 Bg6 6.Bc4 Nf6 7.N1e2 Nbd7 8.O-O e6
9.f4 Bd6 10.f5 Bxf5 11.Rxf5 Nb6 12.Rxf6 Qxf6 13.Qd3 O-O-O 14.Ne4 Qe7 15.Nxd6+ Rxd6 
16.Bf4 Rdd8 17.c3 Rhe8 18.a4 Nxc4 19.Qxc4 f6 20.Bg3 e5 21.a5 a6 22.Re1 Qd7 23.h3 Qd5
24.Qxd5 Rxd5 25.b4 Rd7 26.dxe5 fxe5 27.Nd4 e4 28.Re3 Rd5 29.Kf2 c5 30.bxc5 Rxc5
31.Nb3 Rb5 32.c4 Rb4 33.c5 Ra4 34.Bd6 Kd7 35.Kg3 Kc6 36.Nd2 Rd4 37.Nf3 Ra4 
38.Ne5+ Kd5 39.Kf4 g6 40.Nd7 Kc6 41.Nf6 Re6 42.Kg5 Rxa5 43.Nxh7 Rxd6 44.Nf6 Rxc5+
45.Kxg6 Rc2 46.g4 Rf2 47.g5 Rf3 48.Rxe4 Rxh3 49.Kf7 Rf3 50.Ke7 b5 51.Re1 Rd2 
52.g6 Rg2 53.Kf7 Rfg3 54.Re6+ Kb7 55.Ne8 Rf3+ 56.Nf6 Rc3 57.Nd5 Rc5 58.Ne7 Rcg5
59.Nf5 Rxf5+ 0-1

[Event "2007 Huntingdale Masters"]
[Site "Huntingdale Chess Club"]
[Date "2007.06.27"]
[Round "7"]
[White "Roza, P"]
[Black "Horstmann, M"]
[Result "0-1"]
[WhiteElo "1894"]
[BlackElo "2192"]

1.d4 Nf6 2.c4 e6 3.Nc3 c5 4.d5 exd5 5.cxd5 d6 6.e4 a6 7.a4 Be7 8.Bd3 O-O 
9.h3 Nbd7 10.Nf3 Ne8 11.O-O Nc7 12.Bf4 Rb8 13.e5 Nxe5 14.Nxe5 dxe5 15.Bxe5 Bd6 
16.Bxd6 Qxd6 17.Re1 Bd7 18.Qh5 f5 19.Qh4 Rfe8 20.a5 g6 21.Bc4 Kg7 22.Rad1 Rxe1+ 
23.Rxe1 Re8 24.Rxe8 Bxe8 25.Qg5 Bf7 26.Qd2 Ne8 27.Na4 Nf6 28.Qc3 Kg8 29.Nb6 Ne4 
30.Qe3 Qe5 31.f3 Qg3 32.Nd7 Ng5 33.Nxc5 Nxh3+ 34.Kf1 Nf4 35.Qf2 Qg5 36.Ne6 Nxe6 
37.Qc2 Nd4 38.Qc3 Qf4 39.Kf2 Qe5 40.g3 Bxd5 41.f4 Qe4 42.Bxd5+ Qxd5 43.b4 Nc6 0-1

[Event "2007 Huntingdale Masters"]
[Site "Huntingdale Chess Club"]
[Date "2007.07.13"]
[Round "7"]
[White "Galvin, R"]
[Black "Lakner, J"]
[Result "0-1"]
[WhiteElo "1831"]
[BlackElo "2086"]

1.d4 f5 2.c4 Nf6 3.g3 g6 4.Bg2 Bg7 5.Nc3 O-O 6.Nh3 d6 7.d5 Qe8 8.O-O h6 
9.Nf4 g5 10.Ne6 Bxe6 11.dxe6 c6 12.Qd3 Nh7 13.f4 Na6 14.e4 Nc5 15.Qe2 Nxe6 
16.exf5 Nd4 17.Qd3 g4 18.f6 Bxf6 19.Be4 Qf7 20.Be3 Qg7 21.Rad1 Ne6 22.Rfe1 Nc7 
23.Bd4 Bxd4+ 24.Qxd4 Qxd4+ 25.Rxd4 Rf7 26.Bg6 Rg7 27.Bxh7+ Kxh7 28.f5 Rf8 
29.Rf4 Ne8 30.Rfe4 Rxf5 31.Rxe7 Nc7 32.Ne2 Rxe7 0-1

[Event "2007 Huntingdale Masters"]
[Site "Huntingdale Chess Club"]
[Date "2007.07.22"]
[Round "7"]
[White "Boyd, T"]
[Black "Viswanath, G"]
[Result "1-0"]
[WhiteElo "2242"]
[BlackElo "1983"]

1.e4 c5 2.Nf3 d6 3.d4 cxd4 4.Nxd4 Nf6 5.Nc3 Nc6 6.Be2 e5 7.Nb3 Be6 8.O-O a6 
9.Be3 b5 10.Nd5 Rc8 11.Nxf6+ gxf6 12.a4 Bc4 13.axb5 axb5 14.Nd2 f5 15.Nxc4 bxc4 
16.Bxc4 f4 17.Qd5 Qd7 18.Bb5 Rg8 19.Ra7 Rxg2+ 20.Kh1 Rg1+ 21.Rxg1 1-0

[Event "2007 Huntingdale Masters"]
[Site "Huntingdale Chess Club"]
[Date "2007.07.13"]
[Round "7"]
[White "Hare, T"]
[Black "Kurniawan, S"]
[Result "0-1"]
[WhiteElo "2039"]
[BlackElo "2133"]

1.c4 g6 2.Nc3 Bg7 3.g3 e5 4.Bg2 Nc6 5.e3 d6 6.Nge2 Be6 7.d3 Nf6 8.Nd5 O-O 
9.O-O Qd7 10.Rb1 Bh3 11.e4 Bxg2 12.Kxg2 Ne8 13.Be3 f5 14.f3 Nd8 15.b4 c6 
16.Ndc3 f4 17.Bg1 Ne6 18.d4 fxg3 19.hxg3 Ng5 20.g4 Nc7 21.Be3 Nce6 22.d5 Nf4+
23.Nxf4 exf4 24.Bd4 Bxd4 25.Qxd4 h5 26.Rh1 hxg4 27.dxc6 bxc6 28.c5 Rad8 
29.cxd6 Qxd6 30.Rh8+ Kf7 31.Rxf8+ Kxf8 32.Qxd6+ Rxd6 33.fxg4 Rd2+ 34.Kf1 Rc2 
35.Rb3 Rc1+ 36.Kf2 Rxc3 0-1

[Event "2007 Huntingdale Masters"]
[Site "Huntingdale Chess Club"]
[Date "2007.06.29"]
[Round "8"]
[White "Kurniawan, S"]
[Black "Galvin, R"]
[Result "1-0"]
[WhiteElo "2133"]
[BlackElo "1831"]

1.e4 c5 2.Nf3 d6 3.d4 cxd4 4.Nxd4 Nf6 5.Nc3 a6 6.Bg5 e6 7.Qd2 Be7 8.O-O-O Qc7 
9.Bd3 Bd7 10.f4 Nc6 11.Nf3 h6 12.Bh4 Na5 13.Rhe1 b5 14.b4 Nc4 15.Bxc4 Qxc4 16.e5 Ng8
17.Bxe7 Nxe7 18.Re4 Qc6 19.exd6 Nc8 20.f5 O-O 21.Ne5 1-0

[Event "2007 Huntingdale Masters"]
[Site "Huntingdale Chess Club"]
[Date "2007.06.29"]
[Round "8"]
[White "Donaldson, T"]
[Black "Hare, T"]
[Result "1/2-1/2"]
[WhiteElo "1909"]
[BlackElo "2039"]

1.d4 g6 2.c4 Bg7 3.Nc3 d6 4.e4 c6 5.Be3 Na6 6.Bd3 Nc7 7.Nge2 a6 8.a4 a5 
9.O-O Nf6 10.f3 h5 11.Qc2 Na6 12.Na2 e5 13.d5 O-O 14.Qd2 Kh7 15.b4 axb4 
16.Nxb4 Nxb4 17.Qxb4 c5 18.Qb2 Bh6 19.Bxh6 Kxh6 20.f4 Nd7 21.Qd2 exf4 
22.Nxf4 Kg7 23.Be2 Ne5 24.Bxh5 Rh8 25.Bf3 Qh4 26.g3 Qe7 27.Qc3 1/2-1/2

[Event "2007 Huntingdale Masters"]
[Site "Huntingdale Chess Club"]
[Date "2007.06.29"]
[Round "8"]
[White "Boyd, T"]
[Black "Fedec, J"]
[Result "1/2-1/2"]
[WhiteElo "2242"]
[BlackElo "1847"]

1.d4 d5 2.c4 c6 3.Nc3 e6 4.Nf3 Nf6 5.cxd5 exd5 6.Bg5 Be7 7.Qc2 Nbd7 8.e3 O-O 
9.Bd3 h6 10.Bf4 b6 11.h3 Bb7 12.g4 c5 13.Rg1 cxd4 14.exd4 Ne4 15.O-O-O Rc8 
16.Bxe4 dxe4 17.Ne5 Bg5 18.Qd2 Nxe5 19.Bxg5 Qxg5 20.Qxg5 hxg5 21.dxe5 Rfe8 
22.Rd7 Bc6 23.Rxa7 Rxe5 24.Re1 f5 25.gxf5 Rxf5 26.Rg1 Rxf2 27.Rxg5 Rf7 
28.Rxf7 Kxf7 29.Kd2 Rd8+ 30.Ke2 Kf6 31.Rg4 Rd4 32.Rf4+ Ke7 33.Rg4 Kf6 
34.Rf4+ Ke7 35.Rh4 b5 36.Nd1 Ra4 37.a3 b4 38.axb4 Rxb4 39.Rg4 Kf6 40.Rf4+ 1/2-1/2

[Event "2007 Huntingdale Masters"]
[Site "Huntingdale Chess Club"]
[Date "2007.07.13"]
[Round "8"]
[White "Viswanath, G"]
[Black "Horstmann, M"]
[Result "0-1"]
[WhiteElo "1822"]
[BlackElo "2192"]

1.Nf3 c5 2.e4 e6 3.d4 cxd4 4.Nxd4 Nf6 5.Nc3 Nc6 6.g3 Bb4 7.Bg2 d5 8.Nxc6 bxc6 
9.e5 Nd7 10.Qg4 Qa5 11.O-O Bxc3 12.bxc3 g6 13.Qb4 Qxb4 14.cxb4 a5 15.bxa5 Rxa5 
16.f4 Ba6 17.Rf2 Bc4 18.c3 Ke7 19.Rb2 Rha8 20.Rb7 Rxa2 21.Rxa2 Rxa2 22.Be3 Kd8 
23.Rb1 Re2 24.Ba7 Rc2 25.Bb8 Nxb8 26.Rxb8+ Ke7 27.Rb7+ Kf8 28.Rb8+ Kg7 29.Rc8 Bb5 
30.Rc7 g5 31.f5 exf5 32.e6 Re2 33.exf7 g4 34.Rb7 Rb2 35.c4 dxc4 36.Bxc6 c3 
37.Rxb5 Rxb5 38.Bxb5 c2 39.Be8 c1=Q+ 40.Kf2 Qd2+ 41.Kg1 Kf8 42.Kh1 Qf2 0-1

[Event "2007 Huntingdale Masters"]
[Site "Huntingdale Chess Club"]
[Date "2007.06.29"]
[Round "8"]
[White "Lakner, J"]
[Black "Roza, P"]
[Result "1-0"]
[WhiteElo "2086"]
[BlackElo "1894"]

1.c4 f5 2.Nf3 Nf6 3.g3 g6 4.Bg2 Bg7 5.O-O O-O 6.d4 d6 7.Nc3 Qe8 8.d5 c6
9.Rb1 a5 10.a3 Na6 11.dxc6 bxc6 12.b4 axb4 13.axb4 Bd7 14.b5 cxb5 15.cxb5 Nc5 
16.Nd4 Nce4 17.Bxe4 fxe4 18.Qb3+ e6 19.e3 d5 20.b6 Rf7 21.Ndb5 Bxb5 22.Nxb5 Qc6 
23.Nd4 Qd6 24.Qb4 Qxb4 25.Rxb4 Bf8 26.Rb5 Rb7 27.Nxe6 Bd6 28.Bb2 Kf7 29.Ng5+ Ke7 
30.Bxf6+ Kxf6 31.Rxd5 Rxb6 32.Rxd6+ Rxd6 33.Nxe4+ Ke5 34.Nxd6 Kxd6 35.Rb1 Ra7 
36.h4 Ke5 37.Kg2 Kf5 38.Kf3 h5 39.Rb5+ Kf6 40.g4 hxg4+ 41.Kxg4 Ra2 42.Kg3 Ra3 
43.h5 gxh5 44.Rxh5 Ra4 45.Rb5 Kg6 46.f3 Rc4 47.e4 Rc1 48.Kf4 Rc3 49.Rb6+ Kf7 
50.Kg4 Re3 51.Ra6 Ke7 52.Kf4 Rb3 53.e5 Rc3 54.Ke4 Rb3 55.f4 Rh3 56.Ra7+ Ke8
57.Kf5 Rh6 58.Kg5 Rb6 59.f5 Rb1 60.Kf6 1-0

[Event "2007 Huntingdale Masters"]
[Site "Huntingdale Chess Club"]
[Date "2007.07.06"]
[Round "9"]
[White "Fedec, J"]
[Black "Viswanath, G"]
[Result "1-0"]
[WhiteElo "1847"]
[BlackElo "1822"]

1.e4 c5 2.Nf3 d6 3.d4 cxd4 4.Nxd4 Nf6 5.Nc3 Nc6 6.Be3 Ng4 7.Bc1 Nf6 8.Bc4 a6 
9.Be3 e6 10.f4 Qc7 11.Bb3 Bd7 12.Qf3 Be7 13.f5 Nxd4 14.Bxd4 b5 15.fxe6 fxe6 
16.e5 Bc6 17.Qe2 Nd5 18.Nxd5 Bxd5 19.Bxd5 exd5 20.exd6 Qxd6 21.O-O-O O-O 
22.Rhe1 Rae8 23.Qg4 Qf4+ 24.Qxf4 Rxf4 25.Bc5 Re4 26.Rxe4 dxe4 27.Be3 Rd8 
28.Rxd8+ Bxd8 29.Kd2 Kf7 30.Kc3 Bf6+ 31.Kb3 Ke6 32.c3 Be5 33.h3 Bd6 34.a4 h5 
35.axb5 axb5 36.c4 bxc4+ 37.Kxc4 Kf5 38.b4 g5 39.b5 h4 40.b6 g4 41.b7 gxh3 
42.gxh3 Bg3 43.Kd5 Bb8 44.Kc6 Ke6 45.Bg5 Kf5 46.Bxh4 e3 47.Be1 Ke6 48.h4 Bf4
49.Kc5 Kd7 50.Kb6 Bb8 51.Kb5 Kc7 52.Ka6 Kd7 53.Ba5 e2 54.Bc3 Ke6 55.Kb6 Kd7 
56.h5 Ke6 57.h6 Kf7 58.h7 e1=Q 59.h8=N+ Kg8 60.Bxe1 Kxh8 61.Kc6 Kg8 62.Kd7 Kf7
63.Kc8 Ba7 64.Ba5 1-0

[Event "2007 Huntingdale Masters"]
[Site "Huntingdale Chess Club"]
[Date "2007.07.06"]
[Round "9"]
[White "Galvin, R"]
[Black "Donaldson, T"]
[Result "0-1"]
[WhiteElo "1831"]
[BlackElo "1909"]

1.d4 d5 2.c4 e6 3.Nc3 c6 4.cxd5 exd5 5.Bf4 Bf5 6.e3 Nd7 7.Bd3 Bxd3 8.Qxd3 Ndf6 
9.Nge2 Ne7 10.O-O Ng6 11.Bg3 Bd6 12.Rae1 O-O 13.f3 Bxg3 14.Nxg3 Qb6 15.b3 Rad8 
16.Kh1 Rfe8 17.Nf5 Ne7 18.Nxe7+ Rxe7 19.Rd1 Rde8 20.Rfe1 Qa5 21.e4 dxe4 
22.fxe4 Nd5 23.Nxd5 Qxd5 24.exd5 Rxe1+ 25.Qf1 Rxf1+ 26.Rxf1 cxd5 0-1

[Event "2007 Huntingdale Masters"]
[Site "Huntingdale Chess Club"]
[Date "2007.07.06"]
[Round "9"]
[White "Horstmann, M"]
[Black "Lakner, J"]
[Result "1-0"]
[WhiteElo "2192"]
[BlackElo "2086"]

1.g3 g6 2.Bg2 Bg7 3.c4 Nf6 4.Nc3 O-O 5.Nf3 d6 6.O-O e5 7.d3 a5 8.c5 Na6 
9.cxd6 cxd6 10.d4 e4 11.Ng5 d5 12.f3 h6 13.fxe4 hxg5 14.Bxg5 Qb6 15.e5 Nh7 
16.Nxd5 Qxb2 17.Be7 Re8 18.e3 Bf5 19.g4 Be6 20.Nf6+ Nxf6 21.exf6 Bh6 
22.Qf3 Qd2 23.Rfe1 Nb4 24.Qg3 Bg5 25.Rad1 Qxa2 26.h4 Bh6 27.h5 Bb3 
28.Ra1 Qd2 29.hxg6 Nd3 30.g5 Bxg5 31.Qxg5 Nxe1 32.gxf7+ Kxf7 33.Qh5+ Ke6 
34.Bh3 1-0

[Event "2007 Huntingdale Masters"]
[Site "Huntingdale Chess Club"]
[Date "2007.07.08"]
[Round "9"]
[White "Hare, T"]
[Black "Boyd, T"]
[Result "1/2-1/2"]
[WhiteElo "2039"]
[BlackElo "2242"]

1.c4 e5 2.Nc3 Nf6 3.g3 d5 4.cxd5 Nxd5 5.Bg2 Nb6 6.a3 Be7 7.Nf3 Nc6 8.b4 Be6 
9.O-O O-O 10.Rb1 f6 11.d3 a5 12.b5 Nd4 13.e3 Nxf3+ 14.Bxf3 Nd5 15.Nxd5 Bxd5 
16.Bxd5+ Qxd5 17.e4 1/2-1/2

[Event "2007 Huntingdale Masters"]
[Site "Huntingdale Chess Club"]
[Date "2007.07.26"]
[Round "9"]
[White "Roza, P"]
[Black "Kurniawan, S"]
[Result "0-1"]
[WhiteElo "1894"]
[BlackElo "2133"]

1.d4 c5 2.d5 e5 3.Nc3 Nf6 4.e4 d6 5.Bd3 a6 6.a4 Be7 7.Nge2 Qc7 8.b3 O-O 
9.O-O Ne8 10.f3 Nd7 11.Be3 Rb8 12.a5 g6 13.g4 Bh4 14.Qd2 Qd8 15.Na4 Qc7 
16.Nb2 Ng7 17.Nc4 f5 18.gxf5 gxf5 19.exf5 Nf6 20.Bg5 Bxg5 21.Qxg5 Nxd5 
22.f4 e4 23.Bxe4 Nf6 24.Bg2 Bxf5 25.Ne3 Bd7 26.Nc3 Bc6 27.Ncd5 Bxd5 
28.Nxd5 Qd8 29.Rfe1 Rf7 30.Re3 Kh8 31.Rae1 Qf8 32.Re7 Re8 33.Rxe8 Ngxe8 
34.Kh1 Ng7 35.Nxf6 Rxf6 36.Bxb7 Rxf4 37.Bg2 Rf2 {Time} 0-1